[Event "NZL-ch Major op"]
[Site "Auckland"]
[Date "2019.01.20"]
[Round "7"]
[White "Ning, Isabelle Yixuan"]
[Black "Liu, Xinyang"]
[Result "1/2-1/2"]
[WhiteElo "1453"]
[BlackElo "1712"]
[PlyCount "122"]
[EventDate "2019.01.14"]
[EventType "swiss"]
[EventRounds "9"]
[EventCountry "NZL"]
[SourceTitle "CBM 189 Extra"]
[Source "ChessBase"]
[SourceDate "2019.06.03"]
[SourceVersion "1"]
[SourceVersionDate "2019.06.03"]
[SourceQuality "1"]

1. d4 Nf6 2. Bf4 g6 3. Nc3 Bg7 4. e4 d6 5. Qd2 0-0 6. 0-0-0 Nbd7 7. Nf3 b6 8. h3 c5 9. dxc5 bxc5 10. Qe3 Bb7 11. e5 dxe5 12. Nxe5 a6 13. Bg5 Qe8 14. Nxd7 Nxd7 15. Qxe7 Bh6 16. Qe3 Qxe3+ 17. Bxe3 Bxe3+ 18. fxe3 Nf6 19. Na4 Ne4 20. Rg1 Ng3 21. Nxc5 Nxf1 22. Rdxf1 Bd5 23. Nd7 Rfd8 24. Nf6+ Kg7 25. Nxd5 Rxd5 26. Rd1 Re5 27. Rd3 Rae8 28. Kd2 f5 29. g3 h5 30. h4 R8e6 31. Rf1 g5 32. Rf3 Kg6 33. hxg5 Kxg5 34. Rf4 Rb5 35. b3 Ra5 36. a4 Rae5 37. c4 a5 38. Rfd4 Re7 39. Rd5 Kg4 40. Rxe5 Rxe5 41. Rd5 Re6 42. Rxa5 Kxg3 43. Rxf5 h4 44. Rg5+ Kf3 45. Rf5+ Kg4 46. Rf4+ Kg3 47. Rxh4 Kxh4 48. c5 Kg5 49. Kd3 Kf5 50. Kd4 Kf6 51. b4 Ke7 52. b5 Kd7 53. e4 Rh6 54. a5 Rh1 55. c6+ Kc7 56. a6 Rb1 57. Kc5 Rc1+ 58. Kb4 Re1 59. e5 Kb6 60. a7 Kxa7 61. Kc5 Rxe5+ 1/2-1/2

[Event "George Trundle Reserves"]
[Site "Auckland"]
[Date "2018.07.15"]
[Round "9"]
[White "Liu, Xinyang"]
[Black "Goormachtigh, Laurens"]
[Result "1-0"]
[WhiteElo "1618"]
[BlackElo "1821"]
[PlyCount "101"]
[EventDate "2018.07.07"]
[EventType "tourn"]
[EventRounds "9"]
[EventCountry "NZL"]
[SourceTitle "EXT 2019"]
[Source "ChessBase"]
[SourceDate "2018.10.10"]
[SourceVersion "1"]
[SourceVersionDate "2018.10.10"]
[SourceQuality "1"]

1. e4 e5 2. Nf3 Nc6 3. d4 exd4 4. Nxd4 Bc5 5. Nxc6 Qf6 6. Qf3 Qxc6 7. Nc3 a6 8. Qg3 Bd4 9. Nd5 Kd8 10. c3 Bf6 11. Bf4 d6 12. Nxf6 gxf6 13. Qg7 Qxe4+ 14. Be3 Qg6 15. Qxh8 Bf5 16. Bh6 Kd7 17. Qg7 Re8+ 18. Kd2 Nxh6 19. Qxg6 fxg6 20. Bd3 Be6 21. f3 Nf7 22. b3 Ne5 23. Bc2 d5 24. Rae1 Kd6 25. h3 Nc6 26. f4 d4 27. f5 Bf7 28. Rxe8 Bxe8 29. Rf1 g5 30. g4 a5 31. a3 Bf7 32. Rd1 h5 33. cxd4 Nxd4 34. Kc3 c5 35. b4 b6 36. bxc5+ bxc5 37. Rd2 h4 38. Bd1 Bd5 39. Rb2 Ke5 40. Rd2 Kf4 41. Bc2 Kg3 42. Rd3+ Kh2 43. Bd1 Bg2 44. Kd2 Bxh3 45. Ke1 Bg2 46. Kf2 Bh3 47. Rc3 Nxf5 48. gxf5 Bxf5 49. Rxc5 Bh3 50. Bf3 f5 51. Rc1 1-0

[Event "George Trundle Reserves"]
[Site "Auckland"]
[Date "2018.07.10"]
[Round "4"]
[White "Seabrook, Roy"]
[Black "Liu, Xinyang"]
[Result "0-1"]
[WhiteElo "1774"]
[BlackElo "1618"]
[PlyCount "134"]
[EventDate "2018.07.07"]
[EventType "tourn"]
[EventRounds "9"]
[EventCountry "NZL"]
[SourceTitle "EXT 2019"]
[Source "ChessBase"]
[SourceDate "2018.10.10"]
[SourceVersion "1"]
[SourceVersionDate "2018.10.10"]
[SourceQuality "1"]

1. e4 e6 2. d3 d5 3. Nd2 c5 4. f4 Nc6 5. Ngf3 Bd6 6. e5 Bc7 7. Be2 Bd7 8. 0-0 Bb6 9. c4 Nge7 10. Nb3 Nf5 11. Bd2 a5 12. Kh1 d4 13. Ng5 a4 14. Nc1 Nce7 15. g4 Nh4 16. Qe1 Bc6+ 17. Ne4 Neg6 18. Kg1 0-0 19. Qg3 Qe7 20. f5 exf5 21. gxf5 Qxe5 22. fxg6 Nxg6 23. Qxe5 Nxe5 24. Rf5 f6 25. b4 axb3 26. Nxb3 Bxe4 27. dxe4 Ra4 28. Bf4 g6 29. Bxe5 gxf5 30. Bd6 Rfa8 31. exf5 Rxa2 32. Rxa2 Rxa2 33. Bf3 Ra3 34. Bd5+ Kg7 35. Nxc5 d3 36. Kf1 d2 37. Ke2 Bxc5 38. Bxc5 Rd3 39. Kd1 b5 40. Be4 Rc3 41. Bd5 bxc4 42. Be4 Rh3 43. Kxd2 Rxh2+ 44. Kc3 Rh4 45. Bd5 Rf4 46. Be6 h5 47. Bd6 Rf2 48. Kxc4 h4 49. Bc5 Rc2+ 50. Kd4 h3 51. Bd6 Rd2+ 52. Kc5 h2 53. Bxh2 Rxh2 54. Kd6 Kh6 55. Bc4 Kg5 56. Ke6 Rf2 57. Bd3 Rf3 58. Be4 Re3 59. Kd5 Kf4 60. Bc2 Re5+ 61. Kd4 Rxf5 62. Bxf5 Kxf5 63. Ke3 Kg4 64. Ke4 f5+ 65. Ke3 Kg3 66. Ke2 f4 67. Kf1 Kf3 0-1